Word Ladder: On the Nth Day of Christmas Quiz Stats

 Plays Quiz Updated Dec 5, 2017

Challenge
Share
Tweet
Embed
Score 0/21 Timer 02:00
1 Play Today
Clue 4-Letter Word % Correct
Top olympic medal
OR Part one of the gift
•GOLD•
97.2%
Bottom of a shoeSOLE
96.7%
5280 feetMILE
96.5%
'Going once, going twice, ______'SOLD
96%
Satanic residenceHELL
94.9%
A place to grind grainMILL
94.5%
Make-up of a beachSAND
94.2%
TrippedFELL
93.6%
Where ice hockey is playedRINK
92.1%
GraspedHELD
91.7%
Mentally soundSANE
91%
Clue 4-Letter Word % Correct
Male rulerKING
90.4%
SateFILL
89.2%
Castrate a horseGELD
89.1%
Give someone a call
OR Part two of the gift
•RING•
87.9%
Boston Red Sox pitcher ChrisSALE
87.6%
Tool to remove rough bitsFILE
85.9%
Offensive in odor or flavorRANK
85.5%
South African moneyRAND
84.2%
Ray or Dave Davies, e.g.KINK
83.2%
'When the Lights Go Out' UK band
OR Day or number of the gift
•FIVE•
78.3%

Today's Daily Dose

You're not logged in!

Compare scores with friends on all Sporcle quizzes.
Join for Free
OR
Log In

You Might Also Like...

Show Comments

Extras

Top Quizzes Today


Score Distribution

Your Account Isn't Verified!

In order to create a playlist on Sporcle, you need to verify the email address you used during registration. Go to your Sporcle Settings to finish the process.

Report this User

Report this user for behavior that violates our Community Guidelines.

Details: